| 000 | 00342nam a2200109Ia 4500 | ||
|---|---|---|---|
| 008 | 230822s1999 xx 000 0 und d | ||
| 041 | _aeng | ||
| 100 | _aB. C. L. | ||
| 245 | _aBRITISH EDUCATION GUIDE SOUTH ASIA ED. 1999, THE ESSENTIAL GUIDE TO STUDYING IN THE UK | ||
| 260 |
_bTHE ESSENTIAL GUIDE TO STUDYING IN THE UK _c1999 |
||
| 300 | _a216 | ||
| 999 |
_c856264 _d856264 |
||